000 00546nam a22002297a 4500
001 63955
003 UA-OsUOA
005 20211024180457.0
007 ta
008 20091026b un ||||| |||| 00| 0 ukr d
040 _aUA-OsUOA
_brus
_cUA-OsUOA
_dUA-OsUOA
041 _arus
080 _a94(470+571)
090 _a94(470+571)
_bА46
100 _aАлександров Н. И.
245 _aДрузья-товарищи
260 _aМ.
_c1963
300 _a174 с.
650 7 _a94 Історія
_2UDC
942 _cBK
_2udc
955 _a2
999 _c350029
_d350029